000
00297nam a22001217a 4500
082
_a
341.48101
_b
ZAF
100
_a
Zafarullah
245
_a
Human Rights LL.B. Part-III /
_c
Zafarullah
260
_a
Lahore:
_b
KLR Publications,
_c
N.A.
300
_a
152 p.
563
_a
PB.
942
_2
ddc
_c
BK
999
_c
613996
_d
613996